00281nam a2200097 a 4500008004100000050001900041100002900060245007600089260000900165350000900174120416s9999 ||||||||||||||||| || u aTHESIS/STUDENT aKatemangwe, Penyani Mark13aAn assessment of the informal sector as a safety net for the unemployed a2003 a0.00